| 000 | 00415nam a22001697a 4500 | ||
|---|---|---|---|
| 005 | 20180615111505.0 | ||
| 008 | 160524b xxu||||| |||| 00| 0 eng d | ||
| 020 | _a81-7660-09-1 | ||
| 041 | _aeng | ||
| 082 |
_b4772 _a657.42 |
||
| 100 |
_aInamdar, S.M. _91186 |
||
| 245 | _aCost and Management Accounting | ||
| 260 |
_aNew Delhi _bAcademic Faundation |
||
| 300 | _a664 | ||
| 650 |
_aManagement _9241 |
||
| 942 | _cBK | ||
| 999 |
_c1617 _d1616 |
||